Psychologie vůdcovství
Uložené v:
| Hlavný autor: | |
|---|---|
| Ďalší autori: | |
| Médium: | Kniha |
| Jazyk: | Czech |
| Vydavateľské údaje: |
Brno
Computer Press
2008
|
| Predmet: | |
| Tagy: |
Žiadne tagy, Buďte prvý, kto otaguje tento záznam!
|
MARC
| LEADER | 00000nam a2200000 4500 | ||
|---|---|---|---|
| 001 | 0149125 | ||
| 005 | 20240313090334.2 | ||
| 020 | |a 978-80-251-2139-9 | ||
| 041 | 0 | |a cze | |
| 044 | |a CZ | ||
| 245 | 1 | 0 | |a Psychologie vůdcovství |c Josef Lukas, Josef Smolík |
| 264 | 1 | |a Brno |b Computer Press |c 2008 | |
| 300 | |a 206 s. | ||
| 610 | 2 | 0 | |a vodcovstvo |
| 610 | 2 | 0 | |a lídri |
| 610 | 2 | 0 | |a manažéri |
| 610 | 2 | 0 | |a filozofia |
| 610 | 2 | 0 | |a osobnosť |
| 610 | 2 | 0 | |a psychológia |
| 610 | 2 | 0 | |a politika |
| 610 | 2 | 0 | |a socializácia |
| 610 | 2 | 0 | |a moc politická |
| 100 | 1 | |a Lukas, Josef | |
| 700 | 1 | |a Smolík, Josef | |